000 00769nam a22002412a 4500
001 50952
003 BD-RJUL
005 20211209075605.0
008 160829s1965 xx 000 0 eng d
035 _aBD-RJUL 51072
040 _aOSU
_cOSU
_dUKM
_dEQO
_beng
041 _aeng
082 _a428.24951
_218
_bHUE 1965
100 1 _aHuang, Raymond.
_9152491
245 1 0 _aEnglish pronunciation explained with diagrams /
_cby Raymond Huang; foreword by A. C. Gimson
260 _aHong Kong :
_bHong Kong U. P ;
_aLondon :
_bOxford U. P,
_c[1965]
300 _axvi, 180 p. :
_bill. ;
_c26 cm
500 _aSecond t. p. in Chinese
504 _aBibliography: p. 178-179
650 0 _aEnglish language
_xPronunciation
_9117012
942 _2ddc
_cBK
999 _c50952
_d50952